Top 10 Crystal Palace Premier League Scorers - Statistics

General Stats
  • This quiz has been taken 177 times
    67 since last reset
  • The average score is 6 of 10
Answer Stats
Player Goals % Correct
Wilfried Zaha 68
93%
Christian Benteke 35
78%
Eberechi Eze 34
78%
Jean-Philippe Mateta 50
76%
Jordan Ayew 22
65%
Odsonne Édouard 18
46%
Andrew Johnson 21
44%
Luka Milivojević 28
43%
Jeffrey Schlupp 18
33%
Chris Armstrong 23
9%
No matching quizzes found
Score Distribution
Percent of People with Each Score
Percentile by Number Answered
Your Score History
You have not taken this quiz since the last reset